Firemná kultúra - jeden z najdôležitejších "mäkkých faktorov" existencie firmy

Vymedzenie pojmu firemná kultúra. Náplň, prostriedky a proces vytvárania firemnej kultúry. Výhody a nevýhody silnej firemnej kultúry. Národné špecifiká firemnej kultúry v škandinávskych, germánskych a románskych krajinách. Slovenské špecifiká.

Na minha lista:
Detalhes bibliográficos
Formato: Capítulo de Livro
Idioma:eslovaco
Assuntos:
Tags: Adicionar Tag
Sem tags, seja o primeiro a adicionar uma tag!

MARC

LEADER 00000naa a2200000 4500
001 r035657
005 20230824101751.9
041 0 |a slo 
044 |a SK 
245 1 0 |a Firemná kultúra - jeden z najdôležitejších "mäkkých faktorov" existencie firmy 
520 |a Vymedzenie pojmu firemná kultúra. Náplň, prostriedky a proces vytvárania firemnej kultúry. Výhody a nevýhody silnej firemnej kultúry. Národné špecifiká firemnej kultúry v škandinávskych, germánskych a románskych krajinách. Slovenské špecifiká. 
610 2 0 |a kultúra podniková 
610 2 0 |a pojmy 
610 2 0 |a stratégia podniková 
610 2 0 |a ciele podnikové 
610 2 0 |a identita podniková 
610 2 0 |a Slovensko